Quizzes
Events
Quiz Creation
Community
Videos
Private Events
Remove Ads
Sign In
Join for FREE
Feedback
Dark Mode
Quiz Categories
Sports
Geography
Music
Movies
Television
Just For Fun
Miscellaneous
History
Literature
Language
Science
Gaming
Entertainment
Religion
Holiday
For Kids
Quiz Lab
Recent
Popular Today
Quiz Kudos Today
Editor Picks
Curator Picks
Quizzes by...
Day
Popularity
Type
Ratings
Length
Year
Community
Subscriptions
Recent Discussions
Orange Saloon
Badges
Playlists
Quests
Create
Leaderboards
Showdown
Live 5
Trivia Bingo
Activity
Puzzle Library
Sporcle Events
Private Events
Virtual Trivia
Globe League
Become a Host
Pub Owners
SporcleCon
Opinionation
Our Games
Videos
Blog
Mobile Apps
Partnerships
Remove Ads and Go Orange
Feedback
Language
Vocabulary
Begins and Ends
Definition
Spanish
French
German
Italian
Chinese
Latin
Translation
Japanese
Language
Vocabulary
Begins and Ends
Definition
Spanish
French
German
Italian
Chinese
Latin
Translation
Japanese
Random Quiz
Search Sporcle
×
Quiz Lab
Quiz Lab
Language
Alphabet
Type in answers that appear in a list
Type in answers that appear in a list
Classic
Best Score? Go Orange.
Things that are…(a-z) Stats
Can you name the adjective for each letter of the alphabet based on the things or people that it describes?
By
slipkid
3m
26 Questions
271 Plays
271 Plays
271 Plays
Comments
Comments
Give Quiz Kudos
Give Quiz Kudos
-
- Ratings
hide this ad
Replay
Link that replays current quiz
Next Quiz
Link to next quiz in quiz playlist
You Got
0%
They Got
Avg Score
52%
Avg Friend Score
Upgrade to see
Score Distribution
Jump to the score distribution portion of the page
Score
0/26
Timer
03:00
0
Plays Today
things or people the adjective describes
adjective
% Correct
horns, thumbs, eggs & ham
green
79.3%
thoughts, chasms, the blue sea
deep
76.8%
clown posse, asylums, pleas
insane
70.8%
Gilmore, hours, shiny people
happy
68.3%
gossip, Couture, peaches
juicy
67.5%
small coffee at Starbucks, tales, Manute Bol
tall
67.5%
well trained dogs, submissive wives, children
obedient
67.2%
rumors, the truth, ducklings
ugly
66.1%
bellies, snow, pages
yellow
63.8%
edible underwear, afros, relationships
kinky
62.4%
porn, red light district, many web sites
x-rated
62.4%
senses of humor, witch of the west, musicals
wicked
59.8%
beavers, zeolots, brides
eager
58.3%
things or people the adjective describes
adjective
% Correct
silver, tempers, nooners
quick
57.9%
pears, heat, hedgehogs
prickly
52%
antics, clowns, the Marx Brothers
zany
51.7%
Randy Savage, he-
men, the Village People
macho
48.7%
Gillete, rabid dogs, beaten egg whites
foamy
47.2%
palms, rights, riot acts
read
39.5%
San Diego, ladies, 5-
star hotels
classy
35.8%
caffeine addicts, sentries, Red Bull drinkers
alert
34.3%
Austin Power’s women, fly balls, 70’s carpet
shagged
33.2%
black, dreamer, America
beautiful
31%
workouts, fast paced runs, brisk walks
vigorous
27.3%
rivers, acres, bones
lazy
22.5%
flights, dripping faucets, quartz timepieces
nonstop
11.4%
Quiz Playlist
Details
Report
Send in Message
Add To Playlist
Classic:
Type in answers that appear in a list
Quiz Source
Last Updated: Feb 16, 2017
Quiz Scoreboard
CHALLENGE
Sign Up to Join the Scoreboard
Show All
Scores
Hide
Comments
May contain spoilers
Recently Published
Alphabetical 'K' Countries by Flag Minefield
by ylime102
Geography
3m
Pick 6: Fruits
by JohnFran
Miscellaneous
15s
Click the 1999 NBA Draft
by nibperrychub
Sports
2m
More to Explore
Quiz From the Vault
Featured Blog Post
15 Basketball Trivia Facts You Can Be March Mad About
hide this ad
You Might Also Like...
Tags
Alphabet Quiz
Letter Quiz
A-Z
Adjective
describe
Today's Top Quizzes in Language
Browse Language
hide this ad
Today's Top Quizzes in Alphabet
Browse Alphabet
Top Contributed Quizzes in Language
1
Spring or Fall
2
Spanish Seasons
3
Multilingual Seasons
4
Name the 4 Seasons in English
5
Seasonal Rhymes
6
Spring or Fall?
7
Guess the Word in 3 Words
8
Quick Pick: Seasons in Esperanto
9
Hiragana Speed Reading
10
Chinese Mandarin Numbers 1-10 Characters
Explore More
Trending Topics
Kpop
Marvel
Crossword
Disney
Anime
Harry Potter
NBA
Puzzle
Country
WWE
The Office
Soccer
NFL
Pokémon
Song
hide this ad
More By:
slipkid
Quiz
Plays
Rating
Category
Featured
Created
Simple Math Minefield
866,507
4.20
Science
Oct 6, 2011
Fifty Famous Figures
377,498
4.51
History
Jan 25, 2013
Rhymes with 'Jump'
304,061
4.39
Language
May 26, 2013
Rhymes with 'Sound'
291,947
4.71
Language
Oct 31, 2011
Harry, Hunger or Twilight?
283,598
4.42
Literature
Oct 30, 2011
Go to Creator's Profile
Score Distribution
Quiz Creator Spotlight
slipkid
Follow
Send a Message
Quizzes Created
-
Created Quiz Play Count
-
More By This Creator
Popular Quizzes Today
1
Find the US States - No Outlines Minefield
2
Countries of Asia Without Outlines Minefield
3
Pick 6: Fruits
4
Alphabetical 'K' Countries by Flag Minefield
5
The Countries of the World
6
Find the US States
7
Match the Book to the Film X
8
Click the 1999 NBA Draft
More Language Quizzes
10 Words, 20 Definitions XLI
Published
Trending Quizzes
Pick 6: Harry Potter
Pick 6: Mountains
Pick 6: NFL Teams
Pick 6: Movie Franchises
Pick 6: Golfers
Recently Updated
Women's Final Four Teams by Year
bhenderson79
Presidents Quartet II
eogle
Anything But Clue(do)
eogle
Anything But Oceanian Capitals
eogle
Anything But 7
eogle
Anything But Thing
eogle
Word Ladder: February 29
pecheneg
Song Title Questions
pecheneg
Women's NCAA Tournament #1 Seeds
pecheneg
Celebrity Mug Shots
pecheneg
Trending Topics
Crossword
Marvel
Anime
Kpop
NBA
Disney
Harry Potter
The Office
Pokémon
Song
Soccer
NFL
Puzzle
Country
WWE
Your Account Isn't Verified!
In order to create a playlist on Sporcle, you need to verify the email address you used during registration. Go to your
Sporcle Settings
to finish the process.
Report this User
Report this user for behavior that violates our
Community Guidelines
.
Details:
Send Report
Go to the Sporcle.com Mobile Site →
Comments